[Event "Korcsoportos Bajnokság u18f"]
[Site "Balatonlelle"]
[Date "2015.06.18"]
[Round "1.1"]
[White "Grimm, Gyorgy"]
[Black "Kaczur, Florian"]
[Result "1/2-1/2"]
[WhiteElo "2122"]
[BlackElo "2332"]
[PlyCount "42"]
[EventDate "2015.06.18"]
[EventType "swiss"]
[EventRounds "7"]
[EventCountry "HUN"]
[WhiteClock "0:16:24"]
[BlackClock "0:36:28"]

1. e4 d6 2. d4 Nf6 3. Nc3 g6 4. f3 Bg7 5. Be3 c6 6. Qd2 Nbd7 7. Nh3 Qa5 8. Be2
e5 9. dxe5 dxe5 10. O-O Qc7 11. a4 Nf8 12. Nf2 Ne6 13. Rfd1 Nh5 14. Bc4 O-O 15.
Bxe6 Bxe6 16. Qd6 Qc8 17. Qd2 Nf6 18. Nd3 Nd7 19. Nc5 Nxc5 20. Bxc5 Re8 21. a5
Qb8 1/2-1/2

[Event "Korcsoportos Bajnokság u18f"]
[Site "Balatonlelle"]
[Date "2015.06.18"]
[Round "1.2"]
[White "Orosz, Andras"]
[Black "Benedeczky, Lehel"]
[Result "1-0"]
[WhiteElo "2310"]
[BlackElo "2105"]
[PlyCount "103"]
[EventDate "2015.06.18"]
[EventType "swiss"]
[EventRounds "7"]
[EventCountry "HUN"]

1. e4 c6 2. Nc3 d5 3. Nf3 dxe4 4. Nxe4 Nf6 5. Ng3 Bg4 6. Be2 e6 7. d4 Bd6 8.
Ne5 Bxe2 9. Qxe2 Qe7 10. O-O Nbd7 11. Re1 h6 12. Bd2 O-O 13. Qf3 Qd8 14. Rad1
Qc7 15. Nc4 Rac8 16. a3 Rfe8 17. h3 Qb8 18. Ne4 Nxe4 19. Qxe4 b5 20. Nxd6 Qxd6
21. Qh4 Qe7 22. Qg3 Qf6 23. Re4 Nf8 24. Rf4 Qe7 25. Bb4 Qc7 26. Qf3 Ng6 27. Re4
Rcd8 28. Qc3 Rd5 29. Qg3 Qxg3 30. fxg3 Red8 31. Bc3 c5 32. Rd3 cxd4 33. Rexd4
Rxd4 34. Rxd4 Rxd4 35. Bxd4 a6 36. Kf2 e5 37. Bc5 f5 38. g4 fxg4 39. hxg4 Kf7
40. Ke3 Ke6 41. Ke4 Kf6 42. b3 Nf4 43. Bd6 Nxg2 44. Bxe5+ Kg6 45. Bg3 Kg5 46.
c4 bxc4 47. bxc4 Kxg4 48. c5 h5 49. c6 h4 50. Bxh4 Nxh4 51. c7 Nf5 52. c8=Q 1-0

[Event "Korcsoportos Bajnokság u18f"]
[Site "Balatonlelle"]
[Date "2015.06.18"]
[Round "1.3"]
[White "Varga, Richard"]
[Black "Juhasz, Armin"]
[Result "0-1"]
[WhiteElo "2097"]
[BlackElo "2301"]
[PlyCount "64"]
[EventDate "2015.06.18"]
[EventType "swiss"]
[EventRounds "7"]
[EventCountry "HUN"]
[WhiteClock "0:06:31"]
[BlackClock "0:06:58"]

1. e4 c6 2. d4 d5 3. Nc3 dxe4 4. Nxe4 Bf5 5. Ng3 Bg6 6. h4 h6 7. Nf3 e6 8. h5
Bh7 9. Bd3 Bxd3 10. Qxd3 Nf6 11. Bf4 Bd6 12. Ne5 O-O 13. Ne4 Nxe4 14. Qxe4 Qa5+
15. c3 Bxe5 16. Bxe5 Nd7 17. Bf4 Rfe8 18. Be3 Rad8 19. a3 Qd5 20. Qc2 b5 21.
O-O-O Nb6 22. g4 Nc4 23. Qe2 f6 24. Kb1 Qe4+ 25. Ka2 a5 26. Rhe1 Qd5 27. b3 Nd6
28. Qc2 a4 29. Kb2 axb3 30. Qxb3 Nc4+ 31. Ka2 Ra8 32. Bc1 Ra4 0-1

[Event "Korcsoportos Bajnokság u18f"]
[Site "Balatonlelle"]
[Date "2015.06.18"]
[Round "1.4"]
[White "Farkas, Richard"]
[Black "Kiss, Peter"]
[Result "1-0"]
[WhiteElo "2277"]
[BlackElo "2004"]
[PlyCount "57"]
[EventDate "2015.06.18"]
[EventType "swiss"]
[EventRounds "7"]
[EventCountry "HUN"]
[WhiteClock "0:41:55"]
[BlackClock "0:41:59"]

1. c4 c5 2. Nc3 Nc6 3. g3 g6 4. Bg2 Bg7 5. e3 e5 6. Nge2 Nge7 7. O-O O-O 8. a3
f5 9. d3 d6 10. Rb1 a5 11. Nd5 Be6 12. Nec3 Bxd5 13. Nxd5 Nxd5 14. Bxd5+ Kh8
15. Bd2 Qc7 16. b4 axb4 17. axb4 Ra3 18. Bc1 Ra7 19. bxc5 dxc5 20. Rb5 Nb4 21.
d4 Nxd5 22. Rxc5 Nxe3 23. Bxe3 Qe7 24. dxe5 Rd8 25. Rd5 Raa8 26. f4 Rdc8 27. c5
Rd8 28. Rd6 g5 29. Qd5 1-0

[Event "Korcsoportos Bajnokság u18f"]
[Site "Balatonlelle"]
[Date "2015.06.18"]
[Round "1.5"]
[White "Toth, Kristof Istvan"]
[Black "Berta, Sandor"]
[Result "1/2-1/2"]
[WhiteElo "1988"]
[BlackElo "2217"]
[PlyCount "80"]
[EventDate "2015.06.18"]
[EventType "swiss"]
[EventRounds "7"]
[EventCountry "HUN"]
[WhiteClock "0:30:41"]
[BlackClock "0:31:03"]

1. e4 c5 2. Nf3 Nc6 3. d4 cxd4 4. Nxd4 Qb6 5. Nb3 Nf6 6. Nc3 e6 7. Be3 Qc7 8.
Bd3 a6 9. O-O b5 10. a3 d6 11. f4 Be7 12. g4 h5 13. g5 Ng4 14. Qe2 Nxe3 15.
Qxe3 Bb7 16. Rad1 O-O-O 17. Be2 g6 18. Rd2 Rd7 19. Rfd1 Rhd8 20. Bf3 Bf8 21. a4
b4 22. Na2 Na5 23. Nxa5 Qxa5 24. Qb3 Qc5+ 25. Kg2 d5 26. exd5 Bxd5 27. Bxd5
Rxd5 28. Rxd5 exd5 29. Qd3 a5 30. Nc1 Qc6 31. Nb3 Qb6 32. f5 Kb8 33. fxg6 fxg6
34. Nd4 Bc5 35. Nb5 Qe6 36. h3 Qe5 37. Qg3 Qxg3+ 38. Kxg3 Kb7 39. Rf1 Rf8 40.
Rxf8 Bxf8 1/2-1/2

[Event "Korcsoportos Bajnokság u18f"]
[Site "Balatonlelle"]
[Date "2015.06.18"]
[Round "1.6"]
[White "Egri, Laszlo Jr"]
[Black "Radai, Zoltan Mate"]
[Result "1-0"]
[WhiteElo "2161"]
[BlackElo "1911"]
[PlyCount "83"]
[EventDate "2015.06.18"]
[EventType "swiss"]
[EventRounds "7"]
[EventCountry "HUN"]

1. Nf3 d5 2. c4 c6 3. g3 Nf6 4. Bg2 Bg4 5. O-O Nbd7 6. d3 e6 7. cxd5 exd5 8.
Nc3 Bd6 9. Qc2 O-O 10. e4 dxe4 11. dxe4 Qc7 12. Be3 Rfe8 13. Rfe1 Bh5 14. Rac1
Rac8 15. h3 h6 16. Nh4 Bc5 17. Bf4 Ne5 18. Nf5 Rcd8 19. Kh1 Bg6 20. Bxe5 Rxe5
21. f4 Ree8 22. e5 Nh5 23. Kh2 b5 24. Be4 Bxf5 25. Bxf5 Qb6 26. Ne4 Be3 27.
Rcd1 Rxd1 28. Rxd1 Nxf4 29. gxf4 Bxf4+ 30. Kg2 Rxe5 31. Nd6 Re3 32. Qf2 g5 33.
Ne4 Qa5 34. Qc2 b4 35. Nf6+ Kg7 36. Nh5+ Kf8 37. Rd7 Qb5 38. Bd3 Qe5 39. Bc4 f5
40. Rf7+ Ke8 41. Nf6+ Kd8 42. Qd1+ 1-0

[Event "Korcsoportos Bajnokság u18f"]
[Site "Balatonlelle"]
[Date "2015.06.18"]
[Round "1.7"]
[White "Csendi, Balazs"]
[Black "Laza, Szabolcs"]
[Result "1/2-1/2"]
[WhiteElo "1907"]
[BlackElo "2156"]
[PlyCount "115"]
[EventDate "2015.06.18"]
[EventType "swiss"]
[EventRounds "7"]
[EventCountry "HUN"]
[WhiteClock "0:36:24"]
[BlackClock "0:12:13"]

1. e4 c5 2. Nf3 Nc6 3. d4 cxd4 4. Nxd4 Nf6 5. Nc3 d6 6. Bc4 Qb6 7. Nxc6 bxc6 8.
O-O e6 9. Be3 Qxb2 10. Bd4 Qb4 11. Qd3 Be7 12. Rab1 Qa5 13. Qg3 e5 14. Qxg7 Rf8
15. Ne2 exd4 16. Nxd4 Qc5 17. Nxc6 Qxc4 18. Nxe7 Kxe7 19. e5 dxe5 20. Rfe1 Qd5
21. c4 Qc6 22. Rxe5+ Be6 23. Rbe1 Qxc4 24. Rxe6+ Qxe6 25. Rxe6+ Kxe6 26. Qg3
Rfd8 27. Qe3+ Kf5 28. Qf3+ Kg6 29. Qg3+ Kh5 30. Qf3+ Kg6 31. Qg3+ Kf5 32. Qf3+
Ke5 33. h4 Rd5 34. Qc3+ Kf5 35. g4+ Nxg4 36. Qf3+ Ke5 37. Qxg4 Rad8 38. Qg7+
Ke6 39. Qxh7 a5 40. Qh6+ f6 41. Qh7 Rf5 42. Qh6 Rd3 43. Qf8 Rdf3 44. Qe8+ Kd6
45. Qd8+ Kc5 46. Qxa5+ Kd6 47. Qb6+ Ke7 48. Kg2 R3f4 49. Qa7+ Ke6 50. Qe3+ Kf7
51. Kg3 Rb4 52. a4 Ra5 53. Qd2 Raxa4 54. Qd7+ Kg6 55. h5+ Kxh5 56. Qf5+ Kh6 57.
Qxf6+ Kh5 58. Qf5+ 1/2-1/2

[Event "Korcsoportos Bajnokság u18f"]
[Site "Balatonlelle"]
[Date "2015.06.18"]
[Round "1.8"]
[White "Csati, Oliver"]
[Black "Majnay, Peter"]
[Result "0-1"]
[WhiteElo "2131"]
[BlackElo "1757"]
[PlyCount "70"]
[EventDate "2015.06.18"]
[EventType "swiss"]
[EventRounds "7"]
[EventCountry "HUN"]
[WhiteClock "0:00:33"]
[BlackClock "0:34:00"]

1. d4 Nf6 2. c4 c5 3. d5 b5 4. cxb5 a6 5. bxa6 g6 6. Nc3 Bxa6 7. e4 Bxf1 8.
Kxf1 d6 9. g3 Bg7 10. Kg2 O-O 11. Nf3 Nbd7 12. Qe2 Qb6 13. a4 e6 14. dxe6 fxe6
15. Rd1 Ng4 16. Nb5 Nde5 17. Rxd6 Qb7 18. Bf4 Nxf3 19. Kxf3 e5 20. Qc4+ Kh8 21.
Kxg4 exf4 22. gxf4 Bh6 23. Qc3+ Kg8 24. Qc4+ Kh8 25. f5 Rxf5 26. Qc3+ Bg7 27.
Qd3 Rxf2 28. Rd8+ Rxd8 29. Qxd8+ Rf8 30. Qd5 Qe7 31. Ra3 Qf6 32. Qxc5 h5+ 33.
Kg3 Qf4+ 34. Kg2 Be5 35. Qg1 Qg4+ 0-1

[Event "Korcsoportos Bajnokság u18f"]
[Site "Balatonlelle"]
[Date "2015.06.18"]
[Round "1.9"]
[White "Marton, Benedek"]
[Black "Kassay, Krisztian"]
[Result "0-1"]
[WhiteElo "1514"]
[BlackElo "2123"]
[PlyCount "82"]
[EventDate "2015.06.18"]
[EventType "swiss"]
[EventRounds "7"]
[EventCountry "HUN"]
[WhiteClock "0:36:16"]
[BlackClock "0:35:35"]

1. e4 c5 2. Nf3 d6 3. d4 cxd4 4. Nxd4 Nf6 5. Nc3 a6 6. Be2 e6 7. O-O Be7 8. Bg5
b5 9. a3 Bb7 10. f3 Nbd7 11. Kh1 O-O 12. Qe1 Qb6 13. Rd1 Rfc8 14. Nb3 Bf8 15.
Bd3 Bc6 16. f4 a5 17. Qe2 a4 18. Nd2 b4 19. axb4 Qxb4 20. Rb1 Rab8 21. Nd1 h6
22. Bh4 Ne8 23. c3 Qa5 24. Nc4 Qa8 25. Ra1 Nc5 26. Nd2 d5 27. exd5 Bxd5 28. Bc2
Bc6 29. Rf2 Qb7 30. Bg3 Nd6 31. f5 exf5 32. Bxf5 Re8 33. Qf1 Rbd8 34. Bg4 Nde4
35. Nxe4 Nxe4 36. Re2 Bb5 37. Bf3 Bxe2 38. Qxe2 Nxg3+ 39. hxg3 Rxe2 40. Bxb7
Re1+ 41. Kh2 Rdxd1 0-1

[Event "Korcsoportos Bajnokság u18f"]
[Site "Balatonlelle"]
[Date "2015.06.19"]
[Round "2.1"]
[White "Kassay, Krisztian"]
[Black "Orosz, Andras"]
[Result "1/2-1/2"]
[WhiteElo "2123"]
[BlackElo "2310"]
[PlyCount "28"]
[EventDate "2015.06.18"]
[EventType "swiss"]
[EventRounds "7"]
[EventCountry "HUN"]
[WhiteClock "0:59:59"]
[BlackClock "1:20:47"]

1. e4 c5 2. Nf3 Nc6 3. d4 cxd4 4. Nxd4 g6 5. Nc3 Bg7 6. Be3 Nf6 7. Bc4 O-O 8.
Bb3 d6 9. f3 Bd7 10. Qd2 Na5 11. O-O-O Nxb3+ 12. Nxb3 a5 13. Nd4 Qb8 14. Bh6
Rc8 1/2-1/2

[Event "Korcsoportos Bajnokság u18f"]
[Site "Balatonlelle"]
[Date "2015.06.19"]
[Round "2.2"]
[White "Juhasz, Armin"]
[Black "Egri, Laszlo Jr"]
[Result "1-0"]
[WhiteElo "2301"]
[BlackElo "2161"]
[PlyCount "63"]
[EventDate "2015.06.18"]
[EventType "swiss"]
[EventRounds "7"]
[EventCountry "HUN"]

1. d4 Nf6 2. c4 c5 3. Nf3 cxd4 4. Nxd4 e5 5. Nb5 d5 6. cxd5 Bc5 7. N5c3 O-O 8.
g3 e4 9. Bg2 Qe7 10. O-O Bf5 11. Qb3 Nbd7 12. Na3 a6 13. Nc4 b5 14. Na5 b4 15.
Nc6 Qe8 16. Na4 Bd6 17. Be3 Ng4 18. Bd4 f6 19. f4 h5 20. Rac1 Nh6 21. Nc5 h4
22. Nb7 Nf7 23. Nxd6 Nxd6 24. Qxb4 h3 25. Bh1 Nb5 26. Ne7+ Kh8 27. Nxf5 Qh5 28.
Nh4 Qxe2 29. Ng6+ Kg8 30. Nxf8 a5 31. Qc4 Nxd4 32. Qxd4 1-0

[Event "Korcsoportos Bajnokság u18f"]
[Site "Balatonlelle"]
[Date "2015.06.19"]
[Round "2.3"]
[White "Majnay, Peter"]
[Black "Farkas, Richard"]
[Result "0-1"]
[WhiteElo "1757"]
[BlackElo "2277"]
[PlyCount "110"]
[EventDate "2015.06.18"]
[EventType "swiss"]
[EventRounds "7"]
[EventCountry "HUN"]
[WhiteClock "0:18:24"]
[BlackClock "0:08:17"]

1. e4 e6 2. d4 d5 3. Nc3 dxe4 4. Nxe4 Nd7 5. Nf3 Ngf6 6. Bg5 h6 7. Bxf6 Nxf6 8.
Nxf6+ Qxf6 9. Bd3 Bd6 10. Qe2 O-O 11. O-O c5 12. dxc5 Bxc5 13. Qe4 g6 14. Qe5
Qxe5 15. Nxe5 Bd4 16. Nc4 b6 17. c3 Bg7 18. Nd6 Rd8 19. Be4 Ba6 20. Bxa8 Bxf1
21. Kxf1 Rxa8 22. Ke2 Kf8 23. Rd1 Ke7 24. h3 Be5 25. Nc4 Bc7 26. Ne3 Rc8 27.
Nc2 Bd6 28. Ne3 b5 29. Rc1 Be5 30. Rc2 f5 31. c4 bxc4 32. Rxc4 Rd8 33. b3 Rd7
34. Rc2 Bd4 35. Rd2 e5 36. Nc2 Bc5 37. Rxd7+ Kxd7 38. f3 Ke6 39. Kd3 h5 40. Ne3
Kf6 41. h4 Ke6 42. Nd1 Bg1 43. Kc4 Bh2 44. Kb5 Kd5 45. Ka6 Bg1 46. Nc3+ Kc6 47.
b4 Bd4 48. b5+ Kc5 49. Ne2 Bf2 50. a4 Kc4 51. a5 Kd3 52. Nc1+ Kc2 53. Na2 e4
54. fxe4 fxe4 55. Nb4+ Kd2 0-1

[Event "Korcsoportos Bajnokság u18f"]
[Site "Balatonlelle"]
[Date "2015.06.19"]
[Round "2.4"]
[White "Kaczur, Florian"]
[Black "Toth, Kristof Istvan"]
[Result "1-0"]
[WhiteElo "2332"]
[BlackElo "1988"]
[PlyCount "111"]
[EventDate "2015.06.18"]
[EventType "swiss"]
[EventRounds "7"]
[EventCountry "HUN"]
[WhiteClock "0:21:21"]
[BlackClock "0:00:35"]

1. e4 c5 2. Nf3 d6 3. d4 cxd4 4. Nxd4 Nf6 5. Nc3 g6 6. Be3 Bg7 7. Be2 O-O 8.
O-O Nc6 9. Nb3 Ne5 10. h3 Be6 11. f4 Nc4 12. Bd4 Rc8 13. f5 Bd7 14. Bxc4 Rxc4
15. Qd3 Rc8 16. a4 Bc6 17. Qe3 Nd7 18. Bxa7 Ne5 19. Nd2 Qa5 20. Kh1 Qb4 21. Qd4
Qxd4 22. Bxd4 Rfd8 23. Rad1 d5 24. fxg6 hxg6 25. Bb6 Rd7 26. exd5 Bxd5 27. Ndb1
Bc4 28. Rfe1 Rc6 29. a5 Be6 30. b4 Bf5 31. b5 Rcd6 32. Rxd6 Rxd6 33. Bc7 Re6
34. Nd5 Nc4 35. Bg3 Rxe1+ 36. Bxe1 Bxc2 37. a6 bxa6 38. bxa6 Bd4 39. Nbc3 e6
40. Nb5 Be4 41. Ne7+ Kf8 42. Bb4 Bb6 43. Nxg6+ Ke8 44. Ne5 Nxe5 45. Nd6+ Kd7
46. Nxe4 Nc6 47. Nf6+ Kc7 48. Bc3 Bd4 49. Bxd4 Nxd4 50. h4 Kb6 51. g4 Kxa6 52.
h5 Nc6 53. Nd7 Ne7 54. g5 Kb7 55. Ne5 Ng8 56. h6 1-0

[Event "Korcsoportos Bajnokság u18f"]
[Site "Balatonlelle"]
[Date "2015.06.19"]
[Round "2.6"]
[White "Laza, Szabolcs"]
[Black "Grimm, Gyorgy"]
[Result "1/2-1/2"]
[WhiteElo "2156"]
[BlackElo "2122"]
[PlyCount "71"]
[EventDate "2015.06.18"]
[EventType "swiss"]
[EventRounds "7"]
[EventCountry "HUN"]

1. d4 d5 2. Nf3 c6 3. e3 Nf6 4. c4 Bg4 5. Nbd2 e6 6. Bd3 Nbd7 7. O-O Bd6 8. b3
O-O 9. Bb2 Re8 10. Qc2 Qb8 11. h3 Bh5 12. Rac1 Bg6 13. e4 dxe4 14. Nxe4 Nxe4
15. Bxe4 Bxe4 16. Qxe4 Nf6 17. Qe2 Qd8 18. Ne5 Qe7 19. Rcd1 Rad8 20. Rfe1 Bb4
21. Rf1 Bd6 22. Qc2 Rc8 23. Rfe1 Red8 24. Re3 Ne8 25. Qe2 Nf6 26. Qf3 Rc7 27.
Qe2 Rcc8 28. Qf3 Rc7 29. Red3 Rcc8 30. Qe2 Rc7 31. Rf3 Rcc8 32. Re3 Rc7 33. f4
Rcc8 34. f5 Re8 35. Ng4 Nxg4 36. Qxg4 1/2-1/2

[Event "Korcsoportos Bajnokság u18f"]
[Site "Balatonlelle"]
[Date "2015.06.19"]
[Round "2.7"]
[White "Kiss, Peter"]
[Black "Csati, Oliver"]
[Result "0-1"]
[WhiteElo "2004"]
[BlackElo "2131"]
[PlyCount "56"]
[EventDate "2015.06.18"]
[EventType "swiss"]
[EventRounds "7"]
[EventCountry "HUN"]
[WhiteClock "0:26:53"]
[BlackClock "0:09:47"]

1. Nf3 d5 2. d4 Nf6 3. c4 e6 4. Nc3 Be7 5. cxd5 exd5 6. e3 O-O 7. Bd3 Bg4 8.
O-O c6 9. Rb1 Bd6 10. b4 Qe7 11. b5 Ne4 12. Rb3 f5 13. bxc6 bxc6 14. Be2 Rf6
15. Ne5 Nxc3 16. Rxc3 Bxe2 17. Qxe2 Bxe5 18. dxe5 Qxe5 19. Bb2 Qe6 20. Rb3 Rf7
21. Rc1 f4 22. Qe1 f3 23. g3 Nd7 24. Qf1 Nb6 25. Bc3 Nc4 26. Rcb1 Re8 27. Qd1
Nxe3 28. fxe3 f2+ 0-1

[Event "Korcsoportos Bajnokság u18f"]
[Site "Balatonlelle"]
[Date "2015.06.19"]
[Round "2.8"]
[White "Benedeczky, Lehel"]
[Black "Varga, Richard"]
[Result "1-0"]
[WhiteElo "2105"]
[BlackElo "2097"]
[PlyCount "75"]
[EventDate "2015.06.18"]
[EventType "swiss"]
[EventRounds "7"]
[EventCountry "HUN"]
[WhiteClock "1:30:54"]
[BlackClock "1:30:15"]

1. d4 Nf6 2. Nf3 g6 3. Nbd2 Bg7 4. e4 d6 5. Bd3 O-O 6. O-O Nbd7 7. Re1 e5 8. c3
Nh5 9. Nc4 Qe7 10. b4 Nb6 11. Ne3 exd4 12. cxd4 c5 13. bxc5 dxc5 14. Ba3 Nd7
15. Rc1 Rd8 16. Nd5 Qf8 17. Bb5 b6 18. Bxd7 Bxd7 19. Ne5 Be6 20. Nc6 Bxd5 21.
exd5 Bxd4 22. Qxd4 cxd4 23. Bxf8 Rxf8 24. d6 d3 25. Red1 Nf4 26. Kf1 Kg7 27. d7
Kf6 28. d8=Q+ Rfxd8 29. Nxd8 Rxd8 30. Rc3 Rd4 31. g3 Ne6 32. Rdxd3 Rb4 33. Ra3
a5 34. Rab3 Ra4 35. a3 Ke5 36. Rxb6 f5 37. Re3+ Re4 38. Rxe4+ 1-0

[Event "Korcsoportos Bajnokság u18f"]
[Site "Balatonlelle"]
[Date "2015.06.20"]
[Round "3.1"]
[White "Farkas, Richard"]
[Black "Juhasz, Armin"]
[Result "1/2-1/2"]
[WhiteElo "2277"]
[BlackElo "2301"]
[PlyCount "36"]
[EventDate "2015.06.18"]
[EventType "swiss"]
[EventRounds "7"]
[EventCountry "HUN"]
[WhiteClock "1:35:15"]
[BlackClock "0:54:09"]

1. e4 c6 2. d4 d5 3. exd5 cxd5 4. Bd3 Nc6 5. c3 Qc7 6. h3 Nf6 7. Ne2 e5 8. dxe5
Nxe5 9. Bb5+ Bd7 10. Bxd7+ Qxd7 11. O-O Bc5 12. Bf4 Ng6 13. Bh2 O-O 14. Nd2
Rfe8 15. Nb3 Bb6 16. a4 a6 17. a5 Ba7 18. Ned4 Ne5 1/2-1/2

[Event "Korcsoportos Bajnokság u18f"]
[Site "Balatonlelle"]
[Date "2015.06.20"]
[Round "3.2"]
[White "Kassay, Krisztian"]
[Black "Kaczur, Florian"]
[Result "0-1"]
[WhiteElo "2123"]
[BlackElo "2332"]
[PlyCount "108"]
[EventDate "2015.06.18"]
[EventType "swiss"]
[EventRounds "7"]
[EventCountry "HUN"]

1. e4 c6 2. d4 d5 3. exd5 cxd5 4. Bd3 Nc6 5. c3 Qc7 6. Bg5 Nf6 7. Bh4 Bg4 8.
Nf3 e6 9. Bg3 Qc8 10. h3 Bh5 11. Nbd2 Be7 12. O-O O-O 13. Qb1 Bg6 14. Ne5 Nxe5
15. Bxe5 Nd7 16. Bxg6 hxg6 17. Bg3 b5 18. Qd3 Qb7 19. a3 Rfc8 20. Nf3 Nf6 21.
Ne5 Ne4 22. Qe2 a5 23. h4 Bf6 24. h5 gxh5 25. Qxh5 g6 26. Qe2 b4 27. cxb4 axb4
28. Rfc1 Rxc1+ 29. Rxc1 bxa3 30. bxa3 Nxg3 31. fxg3 Rxa3 32. Kh2 Kg7 33. Qf2
Qa7 34. Qf4 g5 35. Qg4 Qb8 36. Qh5 Qh8 37. Qxh8+ Kxh8 38. Nxf7+ Kg7 39. Rc7 Kg6
40. Nd6 Ra6 41. Nb5 Rb6 42. Na7 Bxd4 43. Nc6 Bf6 44. g4 Rb3 45. Rc8 d4 46. Re8
Kf7 47. Ra8 Rb6 48. Na5 Be5+ 49. Kg1 Bg3 50. Kf1 Rb2 51. Nc6 Rf2+ 52. Kg1 Rc2
53. Nd8+ Ke7 54. Kf1 d3 0-1

[Event "Korcsoportos Bajnokság u18f"]
[Site "Balatonlelle"]
[Date "2015.06.20"]
[Round "3.3"]
[White "Orosz, Andras"]
[Black "Berta, Sandor"]
[Result "1-0"]
[WhiteElo "2310"]
[BlackElo "2217"]
[PlyCount "81"]
[EventDate "2015.06.18"]
[EventType "swiss"]
[EventRounds "7"]
[EventCountry "HUN"]
[WhiteClock "0:31:04"]
[BlackClock "0:30:58"]

1. d4 Nf6 2. g3 g6 3. Bg2 Bg7 4. e4 d6 5. Nc3 O-O 6. Nge2 e5 7. h3 Nc6 8. Be3
Nh5 9. dxe5 Nxe5 10. O-O c6 11. b3 Qe7 12. f4 Nd7 13. Bd4 Nhf6 14. Qd3 Nb6 15.
Rae1 Qc7 16. Bf2 Be6 17. g4 Ne8 18. a4 f6 19. Rd1 Bf7 20. Ng3 Qc8 21. Rfe1 Nd7
22. Qf3 Nc5 23. Kh2 Qc7 24. Rd2 Qa5 25. Nb1 Bh6 26. Red1 d5 27. exd5 Rd8 28.
dxc6 Rxd2 29. Nxd2 bxc6 30. Qxc6 Ne6 31. Nc4 Qb4 32. f5 gxf5 33. gxf5 N6c7 34.
Bc5 Qc3 35. Bxf8 Kxf8 36. Nd6 Qe5 37. Nxf7 Kxf7 38. Qc4+ Kg7 39. Rd7+ Kh8 40.
Qf7 Bg7 41. Re7 1-0

[Event "Korcsoportos Bajnokság u18f"]
[Site "Balatonlelle"]
[Date "2015.06.20"]
[Round "3.4"]
[White "Egri, Laszlo Jr"]
[Black "Majnay, Peter"]
[Result "1/2-1/2"]
[WhiteElo "2161"]
[BlackElo "1757"]
[PlyCount "75"]
[EventDate "2015.06.18"]
[EventType "swiss"]
[EventRounds "7"]
[EventCountry "HUN"]
[WhiteClock "0:02:12"]
[BlackClock "0:09:07"]

1. b3 e5 2. Bb2 Nc6 3. e3 d5 4. Bb5 Bd6 5. c4 dxc4 6. bxc4 Nf6 7. Nf3 Bg4 8.
Qa4 O-O 9. Bxc6 bxc6 10. Nxe5 Bxe5 11. Bxe5 Qd3 12. f3 Rab8 13. Bxf6 gxf6 14.
fxg4 Rxb1+ 15. Rxb1 Qxb1+ 16. Qd1 Qxa2 17. O-O Qxc4 18. Qf3 Qd5 19. d4 Qxf3 20.
gxf3 a5 21. Rc1 Ra8 22. Rxc6 Ra7 23. Rc3 Kf8 24. Kf2 Ke7 25. Ke2 Kd6 26. Kd3 a4
27. Ra3 c5 28. Kc4 cxd4 29. Kxd4 Ra5 30. Kc4 f5 31. Kb4 Re5 32. g5 f4 33. exf4
Rf5 34. Kxa4 Rxf4+ 35. Kb5 Rf5+ 36. Kc4 Rxg5 37. Kd4 Rh5 38. Ke4 {Ke5+} 1/2-1/2

[Event "Korcsoportos Bajnokság u18f"]
[Site "Balatonlelle"]
[Date "2015.06.20"]
[Round "3.6"]
[White "Csati, Oliver"]
[Black "Benedeczky, Lehel"]
[Result "1-0"]
[WhiteElo "2131"]
[BlackElo "2105"]
[PlyCount "95"]
[EventDate "2015.06.18"]
[EventType "swiss"]
[EventRounds "7"]
[EventCountry "HUN"]

1. d4 d5 2. c4 c6 3. Nf3 Nf6 4. e3 Bg4 5. h3 Bxf3 6. Qxf3 e6 7. Bd3 Nbd7 8. O-O
Bd6 9. Nc3 O-O 10. e4 e5 11. exd5 exd4 12. Ne4 Ne5 13. Nxf6+ Qxf6 14. Qxf6 gxf6
15. Be4 f5 16. Bxf5 Nxc4 17. Bh6 Rfe8 18. dxc6 bxc6 19. Bd7 Re2 20. Bxc6 Rc8
21. Bd7 Rc7 22. Rfe1 d3 23. Rxe2 dxe2 24. Bg4 Re7 25. Re1 Nxb2 26. Rxe2 Rxe2
27. Bxe2 f6 28. Bf3 Kf7 29. Be4 Nd1 30. Bxh7 Bc5 31. Kf1 Nxf2 32. Ke2 Nh1 33.
Kf3 Ke6 34. Be3 Bxe3 35. Kxe3 Ng3 36. Kf2 Nh5 37. g4 Ng7 38. h4 Ke5 39. h5 f5
40. h6 Ne6 41. Bxf5 Nd8 42. h7 Nf7 43. Kg3 Kf6 44. Kf4 Nh8 45. g5+ Kg7 46. g6
Kf6 47. Bd3 Kg7 48. Ke5 1-0

[Event "Korcsoportos Bajnokság u18f"]
[Site "Balatonlelle"]
[Date "2015.06.20"]
[Round "3.7"]
[White "Grimm, Gyorgy"]
[Black "Toth, Kristof Istvan"]
[Result "1-0"]
[WhiteElo "2122"]
[BlackElo "1988"]
[PlyCount "59"]
[EventDate "2015.06.18"]
[EventType "swiss"]
[EventRounds "7"]
[EventCountry "HUN"]
[WhiteClock "0:25:15"]
[BlackClock "0:08:07"]

1. e4 c5 2. Nf3 d6 3. d4 cxd4 4. Nxd4 Nf6 5. Nc3 g6 6. Be3 Bg7 7. f3 O-O 8. Qd2
Nc6 9. g4 Nxd4 10. Bxd4 Be6 11. Nd5 Bxd5 12. exd5 e5 13. dxe6 fxe6 14. O-O-O e5
15. Be3 d5 16. g5 Nh5 17. Qxd5+ Qxd5 18. Rxd5 Rxf3 19. Bc4 Kh8 20. Rhd1 a6 21.
Bc5 Bf8 22. Rd8 Rxd8 23. Rxd8 Kg7 24. Rd7+ Kh8 25. Bxf8 Rxf8 26. Rxb7 Re8 27.
Bxa6 e4 28. Rc7 e3 29. Rc8 Rxc8 30. Bxc8 1-0

[Event "Korcsoportos Bajnokság u18f"]
[Site "Balatonlelle"]
[Date "2015.06.20"]
[Round "3.9"]
[White "Varga, Richard"]
[Black "Marton, Benedek"]
[Result "0-1"]
[WhiteElo "2097"]
[BlackElo "1514"]
[PlyCount "52"]
[EventDate "2015.06.18"]
[EventType "swiss"]
[EventRounds "7"]
[EventCountry "HUN"]
[WhiteClock "0:46:10"]
[BlackClock "0:17:28"]

1. d4 d5 2. Nf3 Bf5 3. c4 e6 4. Nc3 Nf6 5. Bf4 Bb4 6. Qa4+ Nc6 7. Ne5 Bxc3+ 8.
bxc3 O-O 9. Nxc6 Qd7 10. e3 bxc6 11. c5 Nh5 12. Bg5 Rfe8 13. Be2 Bg6 14. g4 Nf6
15. Bf4 e5 16. Bxe5 Nxg4 17. Bf4 Nf6 18. Qa5 Re7 19. Bg5 Qf5 20. Bxf6 Qxf6 21.
Qa6 Rae8 22. Bd3 Qh4 23. O-O Qg4+ 24. Kh1 Qf3+ 25. Kg1 Be4 26. Bxe4 Rxe4 0-1

[Event "Korcsoportos Bajnokság u18f"]
[Site "Balatonlelle"]
[Date "2015.06.21"]
[Round "4.1"]
[White "Kaczur, Florian"]
[Black "Farkas, Richard"]
[Result "1/2-1/2"]
[WhiteElo "2332"]
[BlackElo "2277"]
[PlyCount "59"]
[EventDate "2015.06.18"]
[EventType "swiss"]
[EventRounds "7"]
[EventCountry "HUN"]
[WhiteClock "0:28:19"]
[BlackClock "0:13:48"]

1. e4 e6 2. d4 d5 3. Nd2 dxe4 4. Nxe4 Nd7 5. Nf3 Ngf6 6. Nxf6+ Nxf6 7. Be3 Nd5
8. Bd2 c5 9. Bb5+ Bd7 10. Bxd7+ Qxd7 11. c4 Nb6 12. Rc1 Be7 13. dxc5 Bxc5 14.
b4 Be7 15. c5 Nd5 16. Ne5 Qc7 17. Qa4+ Kf8 18. Nf3 h5 19. O-O g6 20. Ng5 Kg7
21. Ne4 a6 22. Qb3 Rad8 23. Qb2+ Kg8 24. Rfd1 h4 25. Bg5 Bxg5 26. Nxg5 Qf4 27.
Nh3 Qf5 28. f4 Kh7 29. Qf2 Kg7 30. Rd4 1/2-1/2

[Event "Korcsoportos Bajnokság u18f"]
[Site "Balatonlelle"]
[Date "2015.06.21"]
[Round "4.2"]
[White "Juhasz, Armin"]
[Black "Orosz, Andras"]
[Result "1/2-1/2"]
[WhiteElo "2301"]
[BlackElo "2310"]
[PlyCount "20"]
[EventDate "2015.06.18"]
[EventType "swiss"]
[EventRounds "7"]
[EventCountry "HUN"]

1. d4 Nf6 2. c4 e6 3. Nf3 c5 4. d5 b5 5. Bg5 exd5 6. cxd5 d6 7. a4 b4 8. e4 Be7
9. Bb5+ Bd7 10. Qd3 O-O 1/2-1/2